Belgium Jupiler Pro League teams 2018/19 - Statistics

General Stats
  • This quiz has been taken 313 times
  • The average score is 9 of 16
Answer Stats
Answer % Correct
Anderlecht
96%
Club Brugge
95%
Genk
92%
Gent
90%
Antwerp
79%
Cercle Brugge
69%
Charleroi
67%
Eupen
58%
Kortrijk
58%
Oostende
57%
Lokeren
51%
Waasland-Beveren
38%
Mouscron
31%
Waregem
31%
St. Truiden
7%
St. Liege
3%
No matching quizzes found
Score Distribution
Percent of People with Each Score
Percentile by Number Answered
Your Score History
You have not taken this quiz